[Event "Pardubice Czech op-E 29th"]
[Site "Pardubice"]
[Date "2018.07.13"]
[Round "2"]
[White "Vltavsky, Vladimir"]
[Black "Lesak, Jiri"]
[Result "1-0"]
[WhiteElo "2201"]
[BlackElo "1946"]
[PlyCount "85"]
[EventDate "2018.07.12"]
[EventType "team"]
[EventRounds "7"]
[EventCountry "CZE"]
[SourceTitle "EXT 2019"]
[Source "ChessBase"]
[SourceDate "2018.10.10"]
[SourceVersion "1"]
[SourceVersionDate "2018.10.10"]
[SourceQuality "1"]
[WhiteTeam "Turnov Zikuda"]
[BlackTeam "Decin"]
[WhiteTeamCountry "CZE"]
[BlackTeamCountry "CZE"]

1. e4 c6 2. d4 d5 3. e5 Bf5 4. Nf3 e6 5. Be2 Nd7 6. 0-0 Qc7 7. Nh4 Bg6 8. Nd2 Be7 9. Nxg6 hxg6 10. Nf3 Nh6 11. c3 Nf5 12. Bf4 0-0-0 13. b4 g5 14. Nxg5 Bxg5 15. Bxg5 f6 16. Bf4 g5 17. Bg3 Nxg3 18. fxg3 fxe5 19. Bg4 Rh6 20. Qd3 e4 21. Qe3 Rg8 22. Rf7 Rhg6 23. Raf1 Qd6 24. a3 R8g7 25. Qf2 Rg8 26. Qe3 R6g7 27. c4 Rxf7 28. Rxf7 dxc4 29. Qxe4 Re8 30. Qe3 Nf8 31. h4 gxh4 32. gxh4 Rd8 33. h5 Rd7 34. Rf6 Rd8 35. h6 Qe7 36. Rf3 Rd6 37. Qf2 Rd8 38. Bh3 a6 39. Rf7 Qd6 40. h7 Ng6 41. Rf6 Nh8 42. Rxe6 Qxd4 43. Rd6+ 1-0

[Event "CZE-chT2B 1718"]
[Site "Czech Republic"]
[Date "2017.11.19"]
[Round "3.5"]
[White "Vltavsky, Vladimir"]
[Black "Lesak, Jiri"]
[Result "1-0"]
[WhiteElo "2173"]
[BlackElo "1960"]
[PlyCount "121"]
[EventDate "2017.10.15"]
[EventType "team-tourn"]
[EventRounds "11"]
[EventCountry "CZE"]
[SourceTitle "EXT 2022"]
[Source "ChessBase"]
[SourceDate "2021.10.06"]
[SourceVersion "1"]
[SourceVersionDate "2021.10.06"]
[SourceQuality "1"]
[WhiteTeam "Turnov Zikuda II"]
[BlackTeam "Decin"]
[WhiteTeamCountry "CZE"]
[BlackTeamCountry "CZE"]

1. d4 d5 2. Nf3 Nf6 3. c4 e6 4. Nc3 c6 5. e3 Bb4 6. a3 Bxc3+ 7. bxc3 0-0 8. Bd3 Nbd7 9. 0-0 Re8 10. cxd5 exd5 11. c4 Nb6 12. cxd5 cxd5 13. Ne5 Be6 14. f4 Ne4 15. f5 f6 16. fxe6 fxe5 17. dxe5 Rxe6 18. Bb2 Qe7 19. Bxe4 dxe4 20. Qb3 Nd7 21. Bd4 b6 22. Rac1 Nc5 23. Bxc5 bxc5 24. Rxc5 Qxc5 25. Qxe6+ Kh8 26. Qf7 Qxe3+ 27. Kh1 h6 28. e6 Qe2 29. e7 Kh7 30. h3 Re8 31. Qf5+ Kh8 32. Qf8+ Kh7 33. Rf7 Qd1+ 34. Rf1 Qe2 35. Qf5+ Kh8 36. Rb1 Qd3 37. Re1 Qc3 38. Rxe4 Qf6 39. Qd7 Qf1+ 40. Kh2 Qf7 41. Qxa7 Qd5 42. Qe3 Qd6+ 43. Qg3 Qc5 44. Qe3 Qd6+ 45. g3 Qc7 46. h4 Qd6 47. a4 Qc7 48. h5 Qc2+ 49. Qe2 Qc5 50. Re5 Qa7 51. a5 Qd7 52. a6 Qa7 53. Re6 Qc5 54. Qe5 Qf2+ 55. Kh3 Qf1+ 56. Kg4 Qd1+ 57. Qe2 Qd7 58. Kh4 Qd4+ 59. Kh3 Qc5 60. Qe5 Qf2 61. Rxh6+ 1-0

[Event "CZE-chT2B 1415"]
[Site "Czech Republic"]
[Date "2015.01.25"]
[Round "6.7"]
[White "Kaderabek, Jiri"]
[Black "Lesak, Jiri"]
[Result "1-0"]
[WhiteElo "2119"]
[BlackElo "1934"]
[PlyCount "87"]
[EventDate "2014.11.02"]
[EventType "team-tourn"]
[EventRounds "11"]
[EventCountry "CZE"]
[SourceTitle "EXT 2022"]
[Source "ChessBase"]
[SourceDate "2021.10.06"]
[SourceVersion "1"]
[SourceVersionDate "2021.10.06"]
[SourceQuality "1"]
[WhiteTeam "Jicin III"]
[BlackTeam "Decin"]
[WhiteTeamCountry "CZE"]
[BlackTeamCountry "CZE"]

1. e4 c6 2. d4 d5 3. e5 Bf5 4. Nf3 e6 5. Be2 Nd7 6. 0-0 h5 7. b3 Be7 8. c4 g5 9. Nc3 g4 10. Ne1 a6 11. Be3 Bg5 12. Qd2 Bxe3 13. Qxe3 h4 14. Qf4 Nh6 15. Rc1 f6 16. Nd3 fxe5 17. dxe5 dxc4 18. bxc4 Qc7 19. Ne4 Bxe4 20. Qxe4 0-0-0 21. Rb1 g3 22. fxg3 hxg3 23. h3 Nf5 24. Bg4 Rh4 25. Rf4 Rf8 26. Bxf5 Rxf4 27. Qxf4 Rxf5 28. Qxg3 Nxe5 29. Qg8+ Qd8 30. Qxe6+ Qd7 31. Qg8+ Qd8 32. Qxd8+ Kxd8 33. g4 Rg5 34. Nxe5 Rxe5 35. Rxb7 Re3 36. Rb3 Re2 37. Ra3 Rc2 38. Rxa6 Rxc4 39. Kg2 Kd7 40. Kg3 Ke6 41. Ra3 Kf6 42. h4 Rc2 43. Rf3+ Kg6 44. a4 1-0

[Event "Liberec Metalmex op"]
[Site "Liberec"]
[Date "2010.??.??"]
[Round "8"]
[White "Broucek, Tomas"]
[Black "Lesak, Jiri"]
[Result "1-0"]
[WhiteElo "2061"]
[BlackElo "1901"]
[PlyCount "149"]
[EventDate "2010.08.14"]
[EventType "swiss"]
[EventRounds "9"]
[EventCountry "CZE"]
[SourceTitle "CBM 138 Extra"]
[Source "ChessBase"]
[SourceDate "2010.10.29"]
[SourceVersion "1"]
[SourceVersionDate "2010.10.29"]
[SourceQuality "1"]

1. e4 c6 2. d4 d5 3. exd5 cxd5 4. Bd3 Nf6 5. Nf3 Nc6 6. c3 g6 7. Bf4 Bf5 8. Bxf5 gxf5 9. 0-0 e6 10. Ne5 Nxe5 11. Bxe5 Be7 12. Nd2 Rg8 13. Re1 Ng4 14. Nf3 Bd6 15. h3 Nxe5 16. Nxe5 Bxe5 17. Rxe5 Qg5 18. Qf3 0-0-0 19. a4 Rg6 20. a5 Rdg8 21. g3 Qh6 22. Kh2 f4 23. Rg1 f5 24. a6 fxg3+ 25. fxg3 bxa6 26. Re2 Kd8 27. c4 f4 28. g4 dxc4 29. Qa8+ Ke7 30. Qxa7+ Kf8 31. Qb8+ Kg7 32. Qe5+ Kf7 33. d5 Re8 34. Rf1 Qg5 35. Rxf4+ Kg8 36. Qxg5 Rxg5 37. dxe6 Rc5 38. Re3 a5 39. Rf5 Rc6 40. Rg5+ Kh8 41. Rge5 Re7 42. Kg3 Kg7 43. Kf4 a4 44. Kf5 Rd6 45. Rc5 Rd2 46. Rxc4 Rxb2 47. Rxa4 Rb5+ 48. Re5 Rb6 49. Rd4 Rbb7 50. h4 Rb1 51. g5 Rf1+ 52. Rf4 Rh1 53. Rd5 Re1 54. Rd6 Rb1 55. Re4 Rf1+ 56. Ke5 Rf2 57. Rd7 Kf8 58. Rf4+ Rxf4 59. Kxf4 Rxe6 60. Rxh7 Kg8 61. Ra7 Re8 62. Kf5 Kh8 63. g6 Rb8 64. Kg5 Rc8 65. Kf6 Rc6+ 66. Kg5 Rc8 67. Re7 Kg8 68. h5 Rc5+ 69. Kf6 Rc6+ 70. Re6 Rc8 71. h6 Rf8+ 72. Kg5 Rb8 73. h7+ Kg7 74. Re7+ Kh8 75. Kh6 1-0

[Event "Liberec Metalmex op"]
[Site "Liberec"]
[Date "2010.??.??"]
[Round "1"]
[White "Lesak, Jiri"]
[Black "Hausner, Ivan"]
[Result "1/2-1/2"]
[WhiteElo "1901"]
[BlackElo "2451"]
[PlyCount "84"]
[EventDate "2010.08.14"]
[EventType "swiss"]
[EventRounds "9"]
[EventCountry "CZE"]
[SourceTitle "CBM 138 Extra"]
[Source "ChessBase"]
[SourceDate "2010.10.29"]
[SourceVersion "1"]
[SourceVersionDate "2010.10.29"]
[SourceQuality "1"]

1. b3 e5 2. Bb2 d6 3. c4 Nf6 4. e3 g6 5. g3 Bg7 6. Bg2 0-0 7. Ne2 Re8 8. 0-0 Nbd7 9. d4 e4 10. Qc2 Nf8 11. Nd2 Bf5 12. Rfd1 c6 13. d5 c5 14. h3 h5 15. a3 N8h7 16. b4 b6 17. bxc5 bxc5 18. Rab1 Qd7 19. Nc3 Bxh3 20. Ncxe4 Bxg2 21. Kxg2 Nxe4 22. Nxe4 Qf5 23. f3 Bxb2 24. Rxb2 Qe5 25. Qc3 Qxc3 26. Nxc3 Rxe3 27. Ne4 Rxa3 28. Nxd6 Rc3 29. Rb5 Rc2+ 30. Kf1 a5 31. Rxc5 a4 32. Nb5 a3 33. d6 a2 34. Ra1 Nf8 35. Rc7 Rh2 36. Kg1 Rb2 37. Nc3 Ra3 38. Rxa2 Raxa2 39. Nxa2 Rxa2 40. c5 Rd2 41. Ra7 Rd5 42. Ra8 Rxc5 1/2-1/2